000
00315nam a2200145Ia 4500
003
GCL
008
140319s9999 xx 000 0 eng d
040
_a
GCL /
_c
GCL
082
0
4
_a
CASSETTE
_b
60
245
1
0
_a
FRANCAIS LEE
260
_a
[S.N] :
_b
NONE
650
0
4
_a
AUDIO TAPES
650
0
4
_a
SONGS
942
_2
ddc
_c
BK
999
_c
18599
_d
18599